000 00549nam a22001817a 4500
999 _c165402
_d165402
005 20190617152929.0
010 _aB-125633
020 _a9789383657445
_c30.00
035 _aEN-109165
037 _bDBAD/PUB
082 _a250
100 _aBatchelor, Stephen
245 _aA secular Buddhism/
_cby Stephen batchelor
260 _aNew delhi
_bCritical Quest
270 _a420, G-Block, Phase VI, Aya Nagar
_b New Delhi
_e110047
_k9910036543
_mcriticalquest@gmail.com
300 _a40p.
_c21cm(pbk)
942 _2ddc
_cEN
_h250
_mBAT